Heat pumps

Uloženo v:
Podrobná bibliografie
Hlavní autor: Heap, R. D (Autor)
Médium: Kniha
Jazyk:angličtina
Vydáno: Londres E. & F. N. Spon 1979
Témata:
Tagy: Přidat tag
Žádné tagy, Buďte první, kdo vytvoří štítek k tomuto záznamu!

MARC

LEADER 00000nam a2200000 a 4500
001 UCU1988
003 CL-VaPUC
008 960419e19790000UK |||||||||||||||||eng|d
082 0 4 |a 621.402  |b HEA  |2 21 
100 0 |a Heap, R. D  |e author  |9 357802 
245 1 0 |a Heat pumps 
300 |a 155 p 
942 |c BK 
945 |d 19960419 00:00:00  |a lriquelm 
260 |a Londres  |b E. & F. N. Spon  |c 1979 
650 0 |a Termodinámica   |9 259320 
650 0 |a Energía térmica  |9 357587 
650 7 |a BOMBAS TERMICAS  |2 CL-VaPUC  |9 357803 
650 7 |a CALEFACCION  |2 CL-VaPUC  |9 357804 
583 |a last modification  |c 19960419 00:00:00  |k Rodrigo Vera 
999 |c 246399  |d 246397 
952 |0 0  |1 0  |4 0  |6 621_402000000000000_HEA_1979  |7 0  |8 A  |9 261347  |a BIBING  |b BIBING  |d 2019-11-19  |i 2017288  |o 621.402 HEA 1979  |p 2017288  |r 2025-01-20  |w 2019-11-19  |y BK  |k ING